000
00257 a2200097 4500
001
31357
100
_a
Meteorological Office
245
_a
Handbook of Aviation Meteorology
260
_a
London
_b
Her Majesty's Stationery Office
_c
1960
090
_c
21249
_d
21249
942
_a
NUST-CAE
_c
M
_c
12502
999
_c
266430
_d
266430